Powiaty województwa podkarpackiego - Quiz na mapie - Statystyki

Ogólne statystyki
  • Ten quiz został rozwiązany 2 146 razy
  • Średni wynik to 16 z 25
Odpowiedzi na mapie
Odpowiedzi zakodowano w zielono-czerwonej skali na mapie do tego quizu, zgodnie z poniższymi procentami.
 
Statystyki odpowiedzi
Odpowiedź % Poprawnych
rzeszowski
89%
Rzeszów
88%
przemyski
84%
Przemyśl
84%
bieszczadzki
83%
krośnieński
83%
Krosno
82%
Tarnobrzeg
82%
tarnobrzeski
81%
sanocki
65%
dębicki
64%
mielecki
62%
stalowowolski
60%
jasielski
58%
leski
57%
jarosławski
56%
łańcucki
53%
lubaczowski
51%
ropczycko-sędziszowski
50%
brzozowski
49%
przeworski
48%
kolbuszowski
47%
leżajski
47%
niżański
44%
strzyżowski
43%
Nie znaleziono quizów pasujących do podanych kryteriów
Rozkład punktacji
Procent ludzi z każdym wynikiem
Percentyl według liczby udzielonych odpowiedzi
Twoja historia wyników
Nie rozwiązałeś tego quizu